Statistics for Lady Gaga - Heavy Metal Lover all lyrics

Click here to take the quiz!

General Stats

  • This quiz has been taken 28 times
    (7 since last reset)
  • The average score is 119 of 206

Answer Stats

Lyrcis% Correct
(heavy
100%
Heavy
100%
I
100%
love
100%
lover
100%
lover)
100%
me
100%
you
100%
your
100%
Girl
86%
girl
86%
metal
86%
want
86%
a
71%
be
71%
blond
71%
could
71%
my
71%
Red
71%
all
57%
and
57%
bring
57%
But
57%
does
57%
friends
57%
full
57%
if
57%
In
57%
in
57%
mouth
57%
over
57%
perfume
57%
ruled
57%
the
57%
this
57%
to
57%
whiskey
57%
wine
57%
world
57%
because
43%
better
43%
Can't
43%
cheap
43%
Dirty
43%
down
43%
(down, down)
43%
earn
43%
filthy
43%
group
43%
hose
43%
it
43%
leather
43%
of
43%
part
43%
pony
43%
Rebels
43%
south
43%
town
43%
(town, town)
43%
wait
43%
would
43%
beer
29%
Drink
29%
get
29%
got
29%
have
29%
house
29%
into
29%
Let's
29%
Like
29%
pout
29%
St
29%
trouble
29%
You've
29%
bump
14%
clubbers
14%
drunk
14%
funk
14%
hell
14%
is
14%
jam
14%
Jam-eson
14%
Move
14%
New
14%
pair?
14%
patch
14%
punk
14%
raise
14%
Remington
14%
river
14%
slap
14%
streets
14%
Tonight
14%
Wash
14%
Whip
14%
Why
14%
with
14%
York
14%
Baby
0%
baptism
0%
bar
0%
born
0%
Dark
0%
follow
0%
girls
0%
liquorice
0%
little
0%
lovers
0%
night
0%
play
0%
slam
0%
way
0%
we
0%
were
0%

Score Distribution

Percentile by Number Answered

Percent of People with Each Score

Your Score History

You have not taken this quiz since the last reset